Pepita Turina o la vida que nos duele

Saved in:
Bibliographic Details
Main Author: Massone del Campo, Juan Antonio (autor)
Format: Book
Language:Spanish
Published: Santiago Nascimento 1980
Subjects:
Tags: Add Tag
No Tags, Be the first to tag this record!

MARC

LEADER 00000nam a2200000 a 4500
001 UCY1688
003 CL-VaPUC
008 940913e19800000CL |||||||||||||||||spa|d
082 0 4 |a Ch863  |b MAS  |2 21 
100 |a Massone del Campo, Juan Antonio  |e autor  |9 561466 
245 1 0 |a Pepita Turina o la vida que nos duele 
300 |a 150 p 
942 |c BK 
945 |d 19940913 00:00:00  |a oaravena 
260 |a Santiago  |b Nascimento  |c 1980 
600 0 7 |a TURINA, PEPITA  |2 CL-VaPUC  |9 329685 
650 0 |a Crítica e interpretación   |9 255042 
583 |a last modification  |c 19940913 00:00:00  |k Rodrigo Vera 
999 |c 230310  |d 230308 
952 |0 0  |1 0  |4 0  |6 CH_863_000000000000000_MAS_1980  |7 0  |8 A  |9 232465  |a BIBART  |b BIBART  |d 2019-11-15  |i 3016641  |o Ch863 MAS 1980  |p 3016641  |r 2025-03-13  |w 2019-11-15  |y BK  |k ART